LEADER 02065oas 2200601 a 450 001 9910702891203321 005 20251106213014.0 011 $a1949-5145 035 $a(OCoLC)317982677 035 $a(CONSER) 2009230764 035 $a(CKB)1000000000767874 035 $a(EXLCZ)991000000000767874 100 $a20090407a20059999 ua a 101 0 $aeng 135 $aur||||||||||| 181 $ctxt$2rdacontent 182 $cc$2rdamedia 183 $acr$2rdacarrier 200 00$aBenefits and risks of using waste foundry sand for agricultural and horticultural applications ... annual report 210 $aWashington, D.C. $cU.S. Dept. of Agriculture, Agricultural Research Service 215 $cHTML files 606 $aSand, Foundry$xRecycling$zUnited States$vPeriodicals 606 $aSand, Foundry$xEnvironmental aspects$zUnited States$vPeriodicals 606 $aMetal wastes$xRecycling$zUnited States$vPeriodicals 606 $aMetal wastes$xRecycling$2fast$3(OCoLC)fst01017748 606 $aSand, Foundry$xRecycling$2fast$3(OCoLC)fst01104884 607 $aUnited States$2fast$1https://id.oclc.org/worldcat/entity/E39PBJtxgQXMWqmjMjjwXRHgrq 608 $aPeriodicals.$2fast 608 $aPeriodicals.$2lcgft 615 0$aSand, Foundry$xRecycling 615 0$aSand, Foundry$xEnvironmental aspects 615 0$aMetal wastes$xRecycling 615 7$aMetal wastes$xRecycling. 615 7$aSand, Foundry$xRecycling. 676 $a621 712 02$aManure and Byproduct Utilization National Program (U.S.) 712 02$aUnited States.$bAgricultural Research Service. 801 0$bGPO 801 1$bGPO 801 2$bDLC 801 2$bGPO 801 2$bOCLCQ 801 2$bOCLCA 801 2$bGILDS 801 2$bOCLCO 801 2$bOCLCF 801 2$bOCLCQ 801 2$bOCLCL 801 2$bOCLCQ 906 $aJOURNAL 912 $a9910702891203321 996 $aBenefits and risks of using waste foundry sand for agricultural and horticultural applications ... annual report$93213143 997 $aUNINA LEADER 00645nas 2200229zu 450 001 996710605403316 005 20260305110031.0 011 $a3041-4180 035 $a(CKB)45402225000041 035 $a(DE-599)3236556-1 035 $a(EXLCZ)9945402225000041 100 $a20260224cuuuuuuuu || | 101 0 $aeng 135 $aur||||||||||| 200 00$aJournal of Research in Agriculture and Food Sciences 210 $aLibya: $cEldaghayes Publisher 610 0$aagriculture 610 0$afood science 906 $aJOURNAL 912 $a996710605403316 996 $aJournal of Research in Agriculture and Food Sciences$94544712 997 $aUNISA